| LEADER 00000nama 2200000uu 4500 |
| 008 040531s|||| th m m a000 0 tha d |
| 020 974-7771-17-9
|
| 041 tha
|
| 050 อ. CR6080 ค753 2546
|
| 100 สำนักงานเลขาธิการคณะรัฐมนตรี.
|
| 245 เครื่องราชอิสริยาภรณ์ไทย = Royal Thai orders and decorations/สำนักเลขาธาการคณะรัฐมนตรี.
|
| 250 พิมพ์ครั้งที่ 3.
|
| 260 2546. กรุงเทพฯ. บริษัท อัมรินทร์พริ้นติ้งแอนด์พับลิชชิ่ง จำกัด(มหาชน).
|
| 300 411หน้า.
|
| 500 เพื่อเฉลิมพระเกียรติสมเด็จพระนางเจ้าสิริกิติ์ พระบรมราชินีนาถ เนื่องในวโรกาสมหามงคลเฉลิมพระชมพรรษา 5 รอบ วันที่ 12 สิงหาคม พุทธศักราช 2535.
|
| 650 1.เครื่องราชอิสริยาภรณ์--ไทย--ประวัติ.
|
| 995 002
|
| 999 ^aใช้งานได้ทุกระบบ
|